000 00702nam a2200229Ia 4500
999 _c41117
_d41117
001 7767
003 GE_BSU
005 20221116112059.0
008 181216s2009en xx |||||||||||||| ||eng||
020 _a9780132059671 x
040 _cGE_BSU
041 _aeng
080 _a005.5+647.94 V-16
100 _aVallen,Gary K.
_914784
245 _aCheck-in check-out :
_bManaging Hotel Operations /
_cGary K. Vallen
264 _aNew Jersey :
_bUpper Saddle River,
_c2009.
300 _a604 p.:
_b Map. Ill.
_c27 cm.
653 _aCheck-in check-out
653 _aManaging Hotel Operations
653 _aსასტუმროს ოპერაციების მართვა
942 _cBK
_2udc